00558nam a22001097a 4500040000800000082002600008100004700034245029900081260002700380300002600407856001500433 cRUA aVEM SIM 2015 B517 Or. aSIM VOLAK; ស៊ឹម វល័ក្ខ aStudy on gastrointestinal parasites of cattle in batheay district , kampong cham province, ការសិក្សាលើវត្តមានបរាសិតក្នុងក្រពះពោះវៀនគោ នៅស្រុកបាធាយ ខេត្តកំពង់ចាម aPhnom Penh bRUAc2015 axi; 37p.bill.c29cm. u SIM VOLAK